000 00324nam a22000977a 4500
082 _a355 GUI'D
245 _aA GUIDE TO THE STUDY AND USE OF MILITARY HISTORY A COLLECTION OF ARTICLES GLEANED FROM A GUIDE TO THE STORY AND USE OF MILITARY HISTORY
260 _aRAWALPINDI
_bARMY EDUCATION
_c1981
300 _a165P
942 _cBK
999 _c580878
_d580878